<The> use of MS Excel to price life insurance products using the profit-test method

Salvato in:
Dettagli Bibliografici
Autore principale: Ondrejková Krčová, Ingrid, 1969-
Altri autori: Sakálová, Katarína, 1955-
Natura: Capitolo di libro
Lingua:slovacco
Soggetti:
Tags: Aggiungi Tag
Nessun Tag, puoi essere il primo ad aggiungerne!!

MARC

LEADER 00000nla a2200000 4500
001 0190590
005 20240502073215.7
041 0 |a slo 
044 |a SK 
245 1 0 |a <The> use of MS Excel to price life insurance products using the profit-test method  |c Ingrid Ondrejková Krčová, Katarína Sakálová 
500 |a Abstrakt 
610 2 0 |a trh poistný 
610 2 0 |a poistenie životné 
610 2 0 |a zisk 
610 2 0 |a oceňovanie 
610 2 0 |a softvér 
100 1 |a Ondrejková Krčová, Ingrid, 1969- 
700 1 |a Sakálová, Katarína, 1955-